000 00338nam a2200145Ia 4500
005 20251222144714.0
008 251222s9999||||xx |||||||||||||| ||spa||
020 _a970-10-4596-2
082 _a658.8/W19
100 _aWalker, Orville C.
245 0 _aMarketing Estratégico
250 _a4a.ed.
264 _bMcGraw-Hill
942 _cLIB
999 _c17965
_d17965